Expressions Anglaises : IV.1. Science and research - Statistiques

Statistiques générales
  • Ce quiz a été pris 18 fois
  • Le résultat moyen est 38 sur 54
Statistiques - réponses
Hint Réponse % Correct
ultraviolet radiation la radiation ultraviolette
100%
the atom bomb la bombe atomique
89%
the space race la course à l'espace
89%
hi-tech medicine la médecine de pointe
89%
the atomic weight le poids atomique
89%
a spark of life une étincelle de vie
89%
a research-and-development laboratory (an R&D lab) un laboratoire de développement et de recherche
89%
X rays des rayons X
78%
laboratory equipment du matériel de laboratoire
78%
lethal radiation la radiation mortelle
78%
the atomic theory la théorie atomique
78%
the genetic coding le code génétique
78%
artificial intelligence l'intelligence artificielle
78%
to collect information rassembler des informations
78%
experimental research recherche expérimentale
78%
a test-tube baby un bébé éprouvette
78%
a field of research un domaine de recherche
78%
a living cell une cellule vivante
78%
a scientific puzzle une énigme scientifique
78%
a space lab, a skylab un laboratoire spatial
78%
a Nobel prizewinner un lauréat du prix Nobel
78%
a missing link un lien manquant
78%
complex organic compounds des composés organiques complexes
67%
raw data des données brutes
67%
scientific data des données scientifiques
67%
lab experiments des expériences en laboratoire
67%
animal experiments des expériences sur des animaux
67%
to carry out an experiment effectuer une expérience
67%
to be in the vanguard être à l'avant-garde
67%
to be on the brink of être sur le point de
67%
to do research faire des recherches
67%
to carry out research into a subject faire des recherches sur un sujet
67%
to turn a process around inverser un processus
67%
DNA l'ADN
67%
nuclear physics la physique nucléaire
67%
RNA l'ARN
67%
pure science la science pure
67%
the splitting of the atom la séparation de l'atome
67%
the speed of light la vitesse de la lumière
67%
applied sciences les sciences appliquées
67%
genetic fingerprinting l'identification par les gènes
67%
cruelty-free non testé sur les animaux
67%
a sorcerer's apprentice un apprenti sorcier
67%
a serendipitous discovery une découverte heureuse (faite par hasard)
67%
a research team une équipe de chercheurs
67%
a genetically modified organism (GMO) un OGM
67%
a science park un parc scientifique
67%
to make great strides avancer à grands pas
56%
to have an / the edge on avoir un avantage sur, avoir un temps d'avance
56%
to be on the trail of être sur la piste de
56%
industrial research recherche appliquée
56%
a scientific bombshell une découverte scientifique révolutionnaire
56%
a chicken-and-egg problem comment savoir quelle est la cause et quel est l'effet ?
44%
to make headway, to make progress progresser
33%
Aucun quiz correspondant
Distribution des résultats
% des personnes avec chaque résultat
Percentile par nombre de réponses
Votre historique - résultats
Vous n’avez pas pris ce quiz